Le mal arabe : entre dictatures et integrismes: la democratie intersite
Αποθηκεύτηκε σε:
| Κύριος συγγραφέας: | |
|---|---|
| Μορφή: | Βιβλίο |
| Γλώσσα: | French |
| Δημοσίευση: |
Paris; Budapest :
L'Harmattan,
c2004
|
| Θέματα: | |
| Ετικέτες: |
Προσθήκη ετικέτας
Δεν υπάρχουν, Καταχωρήστε ετικέτα πρώτοι!
|
MARC
| LEADER | 00000cam a2200000 i 4500 | ||
|---|---|---|---|
| 001 | 1/86608 | ||
| 008 | 050929s2004 fre d | ||
| 020 | |a 2-7475-6501-7 | ||
| 035 | |l 10080597 | ||
| 040 | |a GR-MY-UA |b gre |e aacr | ||
| 041 | 0 | |a fre | |
| 082 | 0 | |a 321.9 |2 (22) | |
| 100 | 1 | |a Marzuqi, Munsif, |d 1945- | |
| 245 | 1 | 3 | |a Le mal arabe : |b entre dictatures et integrismes: la democratie intersite / |c Monchef Marzouki |
| 260 | |a Paris; Budapest : |b L'Harmattan, |c c2004 | ||
| 300 | |a 191 σ.; |c 22 εκ. | ||
| 650 | 0 | 0 | |a Dictatorship |z Arab countries. |
| 650 | 0 | 0 | |a Islamic fundamentalism |z Arab countries. |
| 650 | 0 | 0 | |a Civil society |z Arab countries. |
| 650 | 0 | 0 | |a Democracy |z Arab countries. |
| 651 | 0 | |a Arab countries |x Politics and government |y 1945- | |
| 852 | |a INST |b RHODES |e 20050929 |h 321.9 MAR |p 005400022230 |q 005400022230 |t BK |y 0 | ||
| 901 | |a BIBL4-2005-3 | ||
| 909 | |a Ρ |b 122470 | ||
| 970 | |a ΚΟΖΑ |b ΜΑΡΙΑ |z 2005/09/29 | ||